00160 a2200073 450000100060000010000150000624500340002126000310005518837 aSinha, T P aKey to school geometry Part I abTribeni book depttc1938